Top 100 Highest Rated Songs of 2022 - Statistics

General Stats
  • This quiz has been taken 21 times
  • The average score is 12 of 100
Answer Stats
# Artist Rating Song % Correct
35 JID feat. 21 Savage, Baby Tate 94 Surround Sound
47%
7 Denzel Curry 96 Walkin
47%
5 Denzel Curry 96 Walkin (Cold Blooded Soul Version)
47%
6 Black Country, New Road 96 Basketball Shoes
40%
38 Kendrick Lamar feat. Sampha 93 Father Time
40%
11 JID 95 Kody Blu 31
40%
10 Black Country, New Road 95 Concorde
33%
59 Black Country, New Road 92 Good Will Hunting
33%
1 JPEGMAFIA 97 HAZARD DUTY PAY!
33%
28 Kendrick Lamar feat. Beth Gibbons 94 Mother I Sober
33%
25 JID 94 Raydar
33%
99 JID feat. Yasiin Bey 91 Stars
33%
2 Black Country, New Road 97 The Place Where He Inserted the Blade
33%
3 JID 97 2007
27%
71 JID 92 Crack Sandwich
27%
29 JID, Kenny Mason 94 Dance Now
27%
36 Kendrick Lamar 93 United in Grief
27%
61 Ethel Cain 92 American Teenager
20%
46 Denzel Curry 93 Angelz (Cold Blooded Soul Version)
20%
63 Black Country, New Road 92 Bread Song
20%
90 JID, EARTHGANG 91 Can't Punk Me
20%
44 Black Country, New Road 93 Chaos Space Marine
20%
92 Weyes Blood 91 Grapevine
20%
48 JID feat. Ravyn Lenae, Eryn Allen Kane 93 Lauder Too
20%
14 quannnic 95 life imitates life
20%
57 Denzel Curry feat. Robert Glasper 92 Melt Session #1
20%
19 Denzel Curry 94 Melt Session #1 (Cold Blooded Soul Version)
20%
20 JID 94 Sistanem
20%
8 Denzel Curry 96 The Ills (Cold Blooded Soul Version)
20%
80 Weyes Blood 91 Children of the Empire
13%
42 black midi 93 Eat Men Eat
13%
18 Quadeca 95 fantasyworld
13%
85 Joji 91 Glimpse of Us
13%
89 Weyes Blood 91 Hearts Aglow
13%
65 Weyes Blood 92 It's Not Just Me, It's Everybody
13%
67 Denzel Curry 92 Mental (Cold Blooded Soul Version)
13%
52 Ethel Cain 92 Ptolemaea
13%
9 Big Thief 96 Simulation Swarm
13%
95 Ethel Cain 91 Sun Bleached Flies
13%
31 Joey Bada$$ 94 Survivors Guilt
13%
39 Quadeca 93 tell me a joke
13%
15 black midi 95 Welcome To Hell
13%
16 Denzel Curry 95 X-Wing (Cold Blooded Soul Version)
13%
77 black midi 92 27 Questions
7%
83 Thornhill 91 Arkangel
7%
70 Black Thought & Danger Mouse feat. MF DOOM 92 Belize
7%
13 Quadeca 95 born yesterday
7%
94 Little Simz 91 Broken
7%
23 Denzel Curry feat. Zacari 94 Chrome Hearts
7%
55 The Backseat Lovers 92 Close Your Eyes
7%
41 Quadeca, Sunday Service Choir 93 fractions of infinity
7%
21 Weyes Blood 94 God Turn Me Into a Flower
7%
53 Black Country, New Road 92 Haldern
7%
45 Flyysoulja 93 Head
7%
60 Little Simz 92 Heart on Fire
7%
30 Quadeca feat. Danny Brown 94 house settling
7%
76 Benny The Butcher, J.Cole 92 Johnny P's Caddy
7%
58 Quadeca 92 knots
7%
22 Denzel Curry 94 Larger Than Life
7%
50 midwxst feat. brakence 93 okay
7%
54 billy woods 92 Remorseless
7%
49 Black Country, New Road 93 Snow Globes
7%
37 Ethel Cain 93 Strangers
7%
12 black midi 95 Sugar/Tzu
7%
79 Denzel Curry 92 Troubles (Cold Blooded Soul Version)
7%
34 Denzel Curry 94 Worst Comes To Worst (Cold Blooded Soul Version)
7%
81 LE SSERAFIM 91 ANTIFRAGILE
0%
40 Black Thought & Danger Mouse feat. Michael Kiwanuka 93 Aquamarine
0%
4 EDEN 97 Call Me Back
0%
72 Jockstrap 92 Concrete Over Water
0%
33 Natalia Lafourcade 94 De todas las flores
0%
32 JPEGMAFIA 94 DIKEMBE!
0%
47 Big Thief 93 Dragon New Warm Mountain I Believe In You
0%
69 Natalia Lafourcade 92 El lugar correcto
0%
51 DYL 93 Gimlé
0%
98 Wormrot 91 Glass Shards
0%
66 Soul Glo 92 Gold Chain Punk (whogonbeatmyass?)
0%
73 Chat Pile 92 grimace_smoking_weed.jpeg
0%
75 billy woods 92 Heavy Water
0%
97 Richard Dawson 91 Horse and Rider
0%
68 King Gizzard & The Lizard Wizard 92 Iron Lung
0%
78 death's dynamic shroud 92 Messe de E-102
0%
93 Natalia Lafourcade 91 Mi manera de querer
0%
82 Lupe Fiasco 91 MS. MURAL
0%
87 Natalia Lafourcade 91 Muerte
0%
84 Natalia Lafourcade 91 Pajarito colibrí
0%
43 The Backseat Lovers 93 Silhouette
0%
91 quannnic 91 snarky
0%
74 Rome Streetz feat. Conway The Machine 92 Soulja Boy
0%
62 Soul Glo feat. McKinley Dixon, lojii 92 Spiritual Level of Gang Shit
0%
96 Yeah Yeah Yeahs feat. Perfume Genius 91 Splitting Off the Edge of the World
0%
64 TURQUOISEDEATH 92 Starfields
0%
56 Boldy James & Nicholas Craven 92 Straight & Tall
0%
24 Beach House 94 Superstar
0%
86 black midi 91 The Defence
0%
27 King Gizzard & The Lizard Wizard 94 The Dripping Tap
0%
88 Nas 91 Thun
0%
100 Logic feat. DJ Premier 91 Vinyl Days
0%
26 Asian Glow & Parannoul 94 운전대 (Wheel)
0%
17 Parannoul 95 흰천장 (White Ceiling) (demo)
0%
No matching quizzes found
Score Distribution
Percent of People with Each Score
Percentile by Number Answered
Your Score History
You have not taken this quiz